000 00945nam a2200253Ia 4500
001 16336
003 GE_BSU
008 181216s||||||||xx |||||||||||||| ||und||
020 _aISBN 978-9941-10-417-6
040 _cGE_BSU
080 _a343.23
100 _aტურავა, მერაბ
245 _aსისხლის სამართალი = Strafrecht
245 _bზოგადი ნაწილი:წ. 1 : დანაშაულის მოძღვრება
260 _aთბილისი
260 _bსამართალი
260 _c2011
300 _aXXV, 692 გვ.21სმ
300 _bანბ.-საგნ. საძ.: გვ. 656-691. - ბიბლიოგრ. ტექსტ. შენიშვნ
541 _h24ლ.
653 _aსამართალი
653 _aსისხლის სამართალი; დანაშაული
942 _cBK
999 _c49416
_d49416